000 00542nam a22001817a 4500
005 20251108164722.0
008 250721s1994 xx 000 0 ara d
082 1 4 _a614.71/محم
100 1 _aدعبس، محمد يسري إبراهيم
245 1 0 _aتلوث المياه و تحديات الوجود /
264 1 _aالإسكندريه :
_c1994.
300 _a95ص
490 0 _aسلسلة التنمية و البيئة ؛ 2
650 1 7 _aالصحة العامة
650 1 7 _aالتلوث
942 _2ddc
_cBK
999 _c12622
_d12622